00377cam a22000977a 4500008003600000082002500036245012400061260004000185300001100225700004300236180718b xxu||||| |||| 00| 0 eng d aK782x54 In2s/1964-65 aA special review of vigilance and anti- corporation work done during 1964-65cby Central Bureau of Investigation, India abCentral Bureau of Investigationc a178+p. aIndia. Central Bureau of Investigation